| 000 | 00762nam a22002297a 4500 | ||
|---|---|---|---|
| 001 | 48144 | ||
| 003 | BD-RjUL | ||
| 005 | 20211209054452.0 | ||
| 008 | 160813s1959 bg ||||| |||| 00| 0 ben d | ||
| 020 | _c: PRs 2.00 | ||
| 035 | _a(BD-RjUL)48263 | ||
| 040 |
_aBD-RjUL _bben _cBD-RjUL |
||
| 041 | _aben | ||
| 082 |
_223 _a891.442 _bALE 1959 |
||
| 100 |
_aআলী, সৈয়দ মকসুদ _9117791 |
||
| 245 | 1 | 0 |
_aইউরেকা / _cসৈয়দ মকসুদ আলী |
| 260 |
_aঢাকা : _bসূর্যমুখী প্রকাশনী, _c১৯৫৯ |
||
| 300 |
_a৬৭ পৃ. ; _c১৭ সেমি. |
||
| 650 |
_aবাংলা নাটক _9145876 |
||
| 650 |
_aBengali Drama _9145877 |
||
| 942 |
_2ddc _cBK |
||
| 999 |
_c48144 _d48144 |
||